| 000 | 00691nam a2200217 a 4500 | ||
|---|---|---|---|
| 999 |
_c5015 _d5015 |
||
| 001 | 5015 | ||
| 003 | BD-JhCC | ||
| 005 | 20171209122425.0 | ||
| 008 | 171206b1970 bg |||| ||a| 000 0 ben d | ||
| 035 | _a(BD-JhCC) 5015 | ||
| 040 |
_aBD-JhCC _dBD-JhCC |
||
| 041 | _aben | ||
| 082 |
_a891.4409 _bBAT 1970 |
||
| 245 |
_aব্যতিক্রমী প্রসঙ্গ / _cহায়াৎ মাসুদ (সম্পা.) |
||
| 260 |
_aঢাকা : _bপাকিস্তান বুক কর্পোরেশন , _c1970 |
||
| 300 |
_a267 p .: _c21 cm . |
||
| 650 | _aBengali Literature | ||
| 700 | _aমাসুদ, হায়াৎ | ||
| 942 |
_2ddc _cBK |
||